Language and symbolic power / (Record no. 26912)
[ view plain ]
| 000 -LEADER | |
|---|---|
| fixed length control field | 02483cam a22003375a 4500 |
| 001 - CONTROL NUMBER | |
| control field | 008423100 |
| 005 - DATE AND TIME OF LATEST TRANSACTION | |
| control field | 20181030140217.0 |
| 008 - FIXED-LENGTH DATA ELEMENTS--GENERAL INFORMATION | |
| fixed length control field | 940110r20181992enk fr 001 0 eng d |
| 015 ## - NATIONAL BIBLIOGRAPHY NUMBER | |
| National bibliography number | GB9404373 |
| Source | bnb |
| 020 ## - INTERNATIONAL STANDARD BOOK NUMBER | |
| International Standard Book Number | 074561034X (pbk) : |
| Terms of availability | No price |
| 040 ## - CATALOGING SOURCE | |
| Original cataloging agency | Uk |
| Language of cataloging | eng |
| Transcribing agency | Uk |
| Modifying agency | EG-ScBUE |
| 041 1# - LANGUAGE CODE | |
| Language code of text/sound track or separate title | eng |
| Language code of original and/or intermediate translations of text | fre |
| 082 04 - DEWEY DECIMAL CLASSIFICATION NUMBER | |
| Classification number | 306.44 |
| Item number | BOU |
| Edition number | 22 |
| 100 1# - MAIN ENTRY--PERSONAL NAME | |
| Personal name | Bourdieu, Pierre, |
| Dates associated with a name | 1930-2002. |
| 9 (RLIN) | 41847 |
| 245 10 - TITLE STATEMENT | |
| Title | Language and symbolic power / |
| Statement of responsibility, etc | Pierre Bourdieu ; edited and introduced by John B. Thompson ; translated by Gino Raymond and Matthew Adamson. |
| 250 ## - EDITION STATEMENT | |
| Edition statement | 1st ed., Reprinted ed. |
| 260 ## - PUBLICATION, DISTRIBUTION, ETC. (IMPRINT) | |
| Place of publication, distribution, etc | Cambridge ; |
| -- | Malden, MA : |
| Name of publisher, distributor, etc | Polity Press, |
| Date of publication, distribution, etc | 2018. |
| 300 ## - PHYSICAL DESCRIPTION | |
| Extent | ix, 302 p. ; |
| Dimensions | 24 cm. |
| 500 ## - GENERAL NOTE | |
| General note | Includes index. |
| 505 0# - FORMATTED CONTENTS NOTE | |
| Title | pt. 1. THE ECONOMY OF LINGUISTIC EXCHANGES. The production and reproduction of legitimate language --<br/> |
| -- | Price formation and the anticipation of profits --<br/>Appendix: Did you say 'Popular'? |
| -- | pt. 2. THE SOCIAL INSTITUTIONS OF SYMBOLIC POWER . Authorized language: The social conditions for the effectiveness of ritual discourse --<br/> |
| -- | Rites of institution --<br/>Description and prescription: The conditions of possibility and the limits of political effectiveness --<br/> |
| -- | Censorship and the imposition of form. pt. 3. SYMBOLIC POWER AND THE POLITICAL FIELD. On symbolic power --<br/> |
| -- | Political representation: Elements for a theory of the political field --<br/> |
| -- | Delegation and political fetishism --<br/> |
| -- | Identity and representation: Elements for a critical reflection in the idea of region -- |
| -- | Social space and the genesis of 'Classes'. |
| 520 ## - SUMMARY, ETC. | |
| Summary, etc | "This volume brings together Bourdieu's highly original writings on language and on the relations among language, power, and politics. Bourdieu develops a forceful critique of traditional approaches to language, including the linguistic theories of Saussure and Chomsky and the theory of speech-acts elaborated by Austin and others. He argues that language should he viewed not only as a means of communication but also as a medium of power through which individuals pursue their own interests and display their practical competence." |
| 546 ## - LANGUAGE NOTE | |
| Language note | Translated from the French. |
| 650 #7 - SUBJECT ADDED ENTRY--TOPICAL TERM | |
| Topical term or geographic name as entry element | Sociolinguistics. |
| Source of heading or term | BUEsh |
| 9 (RLIN) | 39810 |
| 651 ## - SUBJECT ADDED ENTRY--GEOGRAPHIC NAME | |
| Source of heading or term | BUEsh |
| 653 ## - INDEX TERM--UNCONTROLLED | |
| Resource For college | Humanities: English |
| Arrived date list | October2018 |
| 655 ## - INDEX TERM--GENRE/FORM | |
| Form subdivision | Reading book |
| 700 1# - ADDED ENTRY--PERSONAL NAME | |
| Personal name | Thompson, John B. |
| Fuller form of name | (John Brookshire), |
| Relator term | editor. |
| 9 (RLIN) | 41848 |
| 700 1# - ADDED ENTRY--PERSONAL NAME | |
| Personal name | Raymond, Gino, |
| Relator term | translator. |
| 9 (RLIN) | 41849 |
| 700 1# - ADDED ENTRY--PERSONAL NAME | |
| Personal name | Adamson, Matthew, |
| Relator term | translator. |
| 9 (RLIN) | 41850 |
| 942 ## - ADDED ENTRY ELEMENTS (KOHA) | |
| Source of classification or shelving scheme | Dewey Decimal Classification |
| Withdrawn status | Item status | Source of classification or shelving scheme | Damaged status | Not for loan | Vendor | Home library | Current library | Shelving location | Date acquired | Source of acquisition | Total Checkouts | Full call number | Barcode | Date last seen | Koha item type | Total Renewals | Date last borrowed |
|---|---|---|---|---|---|---|---|---|---|---|---|---|---|---|---|---|---|
| Dewey Decimal Classification | Baccah | Central Library | Central Library | First floor | 30/10/2018 | Purchase | 306.44 BOU | 000043699 | 18/08/2021 | NB - Book (Non borrowing) | |||||||
| Dewey Decimal Classification | Baccah | Central Library | Central Library | First floor | 30/10/2018 | Purchase | 1 | 306.44 BOU | 000043700 | 15/07/2025 | Book - Borrowing | 4 | 24/09/2024 | ||||
| Dewey Decimal Classification | Baccah | Central Library | Central Library | First floor | 30/10/2018 | Purchase | 1 | 306.44 BOU | 000043701 | 16/02/2022 | Book - Borrowing | 2 | 01/12/2021 |